01092cam a2200277 a 450000100100000000500170001000800410002702000150006804000250008308200190010810000360012724500670016326000580023030000350028849000160032350000320033950400360037158600930040765000500050065000590055083000240060991000320063304900090066595201230067499900170079700001223620200929162745.0000720s1992 ck a b 000 0 spa  a958905725X aDO-SdBNPcDLCdBNPHU a371.334bG182i1 aGalvis Panqueva, Alvaro.92888110aIngenieria de software educativo /cAlvaro H. Galvis Panqueva. aSantafé de Bogotá, (Colombia) :bUniandes,c1992. axxiii, 359 p. :bil. ;c24 cm.1 aBiblioclase aPrimera reimpresión, 1997 aBibliografía: (p. [349]-359). aPremio nacional de pedagogía, 1993. Meción de honor al autor categoria innovación. 4aEnseñanza con ayudas de computadores928882 4aIngeniería de softwarexEstudio y enseñanza928883 0aBiblioclase.928884 aCatalogación por copia/LC aBNGR 001052708MOaGRbGRcCTd2009-11-06iLF1l0o371.334 G182ip12236-10r2020-06-25w2020-06-25y2ZPréstamo interno c11895d11895